[Event "Titled Tue 26th Aug Late"]
[Site "chess.com INT"]
[Date "2025.08.26"]
[Round "5"]
[White "Aravindh, Chithambaram VR."]
[Black "Andreikin, Dmitry"]
[Result "1/2-1/2"]
[WhiteTitle "GM"]
[BlackTitle "GM"]
[WhiteElo "2723"]
[BlackElo "2695"]
[WhiteFideId "5072786"]
[BlackFideId "4158814"]
[EventDate "2025.08.26"]

1. c4 Nf6 2. Nc3 g6 3. g3 c5 4. Bg2 Bg7 5. Nf3 Nc6 6. O-O O-O 7. d4 cxd4 8. Nxd4
Nxd4 9. Qxd4 d6 10. b3 Ne4 11. Qxe4 Bxc3 12. Bh6 Bxa1 13. Bxf8 Bf6 14. Bh6 Qa5
15. Qc2 Bf5 16. Be4 Rc8 17. Rd1 Bxe4 18. Qxe4 Qa6 19. a4 Qc6 20. Rd5 b6 21. Qd3
Qd7 22. h4 Qg4 23. Kg2 Bg7 24. Bg5 Qe6 25. Qe3 Qxe3 26. Bxe3 Bc3 27. Rb5 Kf8 28.
Rd5 f5 29. Kf3 Kf7 30. h5 Bb4 31. Rd1 Bc5 32. hxg6+ hxg6 33. Rh1 Bxe3 34. Kxe3
Kg7 35. Kd4 Rc5 36. b4 Re5 37. e3 Re4+ 38. Kc3 g5 39. Ra1 f4 40. gxf4 gxf4 41.
Kd3 d5 42. cxd5 Rxb4 43. a5 b5 44. Rc1 fxe3 45. fxe3 Ra4 46. Rc7 Kf6 47. Rxa7
Ke5 48. e4 Ra3+ 49. Kc2 Kxe4 50. Rxe7+ Kxd5 51. Kb2 b4 52. Rb7 Kc4 53. Rc7+ Kb5
54. Rh7 Kxa5 55. Ra7+ Kb5 56. Rxa3 bxa3+ 57. Kxa3 1/2-1/2

[Event "Titled Tue 26th Aug Late"]
[Site "chess.com INT"]
[Date "2025.08.26"]
[Round "5"]
[White "Gavilan Diaz, Mario"]
[Black "Schnaider, Ilan"]
[Result "1-0"]
[WhiteTitle "FM"]
[BlackTitle "IM"]
[WhiteElo "2195"]
[BlackElo "2386"]
[WhiteFideId "2260905"]
[BlackFideId "169013"]
[EventDate "2025.08.26"]

1. d4 d5 2. c4 e6 3. Nc3 Nf6 4. cxd5 exd5 5. Bg5 c6 6. e3 Bf5 7. Qf3 Bg6 8. Bxf6
Qxf6 9. Qxf6 gxf6 10. h4 h5 11. Nh3 Bd6 12. g3 Nd7 13. Nf4 Nb6 14. Bh3 Nc4 15.
O-O-O a5 16. Nxg6 fxg6 17. e4 dxe4 18. Nxe4 Kf7 19. Bf1 Nxb2 20. Nxd6+ Ke6 21.
Kxb2 Kxd6 22. Kc3 b5 23. Bd3 f5 24. Rhe1 Rhe8 25. f4 Kd5 26. Bc2 b4+ 27. Kd3 c5
28. Bb3+ Kd6 29. dxc5+ Kxc5 30. Rc1+ Kd6 31. Rxe8 Rxe8 32. Ba4 Rd8 33. Rc6+ Ke7+
34. Ke3 Kf7 35. Ra6 Rc8 36. Rxa5 Rc3+ 37. Kf2 Rd3 38. Bb3+ Kg7 39. Rb5 Rd4 40.
Ke3 Re4+ 41. Kf3 Rd4 42. Rc5 Rd3+ 43. Kf2 Rd2+ 44. Ke3 Rd7 45. Rb5 Rb7 46. Rxb7+
Kh6 47. Bg8 g5 48. hxg5+ Kg6 49. Bf7+ Kg7 50. Bxh5+ Kf8 51. g6 b3 52. g7+ Kg8
53. Bf7+ Kxg7 54. Bxb3+ Kh6 55. a4 Kh5 56. a5 Kg4 57. a6 Kh3 58. a7 Kh2 59. a8=Q
Kg1 60. Bd5 Kh2 61. Rb2+ Kh3 62. Qh8+ Kxg3 63. Qh2+ Kg4 64. Rg2# 1-0

[Event "Titled Tue 26th Aug Late"]
[Site "chess.com INT"]
[Date "2025.08.26"]
[Round "5"]
[White "Pereyra, Horacio"]
[Black "Tikhonov, Viacheslav"]
[Result "1-0"]
[BlackTitle "CM"]
[WhiteElo "2133"]
[BlackElo "2183"]
[WhiteFideId "113700"]
[BlackFideId "44196407"]
[EventDate "2025.08.26"]

1. d4 Nf6 2. Nc3 d5 3. Bg5 c6 4. Qd3 h6 5. Bh4 a5 6. f3 a4 7. a3 Qb6 8. O-O-O g5
9. Bf2 Qa6 10. Qxa6 Rxa6 11. e4 Ra8 12. Bd3 dxe4 13. Nxe4 Nxe4 14. fxe4 Bg7 15.
h4 Bg4 16. Nf3 gxh4 17. Rxh4 h5 18. Rhh1 Nd7 19. Rde1 Ra5 20. Nh2 Be6 21. c4 b5
22. d5 cxd5 23. exd5 Bg4 24. cxb5 Ne5 25. Bf1 Kd7 26. Kb1 Rc8 27. Bb6 Raa8 28.
Bd4 f5 29. Bxe5 Bxe5 30. Rxe5 Bd1 31. Bd3 Kd6 32. Re6+ Kxd5 33. Rxe7 Bb3 34. Nf3
Rd8 35. Re5+ Kd6 36. Bxf5 Ra7 37. Rhe1 Kc7 38. Re7+ Kb6 39. R1e6+ Kxb5 40. Re5+
Kb6 41. R7e6+ Kb7 42. Re7+ Kb6 43. R7e6+ Kc7 44. Re1 Ra5 45. Re7+ Kb6 46. R7e6+
Kc7 47. R6e5 Rxe5 48. Nxe5 Rd2 49. Be4 Rf2 50. Bf3 h4 51. Ng4 Rd2 52. Rc1+ Kb6
53. Ne3 Rd3 54. Nc4+ Kc5 55. Ne5+ Kd4 56. Nxd3 Kxd3 57. Rh1 h3 58. Rxh3 Bc2+ 59.
Kc1 Bb3 60. Bd1+ Kc4 61. Bxb3+ axb3 62. Rf3 1-0

[Event "Titled Tue 26th Aug Late"]
[Site "chess.com INT"]
[Date "2025.08.26"]
[Round "5"]
[White "Adewumi, Tanitoluwa"]
[Black "Caprio, Guido"]
[Result "0-1"]
[WhiteTitle "IM"]
[BlackTitle "IM"]
[WhiteElo "2421"]
[BlackElo "2435"]
[WhiteFideId "30966396"]
[BlackFideId "834580"]
[EventDate "2025.08.26"]

1. e4 d6 2. d4 Nf6 3. Nc3 e6 4. Nf3 Be7 5. Bg5 O-O 6. Bd3 Nc6 7. e5 dxe5 8. dxe5
Nd7 9. Bxe7 Qxe7 10. Qe2 Qc5 11. Ng5 h6 12. Nge4 Qxe5 13. g3 Nb4 14. f4 Nxd3+
15. cxd3 Qd4 16. Qf2 Qxf2+ 17. Kxf2 Nb6 18. Nb5 Bd7 19. Nd4 Rfd8 20. Rac1 Be8
21. Nf3 Rxd3 22. Ne5 Rd4 23. Ke3 Ra4 24. Nc3 Rb4 25. Nd3 Rc4 26. b3 Rc6 27. Ne5
Rxc3+ 28. Rxc3 Nd5+ 29. Kd4 Nxc3 30. Kxc3 Rd8 31. Re1 f6 32. Nd3 Rd6 33. Nc5 Rc6
34. Kd4 b6 35. Nd3 Rd6+ 36. Kc3 Kf7 37. h4 h5 38. a4 a5 39. Nb2 Bc6 40. Nc4 Rd7
41. Ne3 Be4 42. Nc4 Rd3+ 43. Kb2 Bf5 44. Ne3 Kg6 45. Re2 c5 46. Re1 Be4 47. Nc2
Bd5 48. Re3 Rd2 49. Kc3 Rd1 50. Ne1 Rb1 51. Kc2 Ra1 52. Nd3 Rg1 53. Ne1 Kf5 54.
Kd2 Kg4 55. Nd3 Rxg3 56. Re1 Kxh4 57. Nf2 Rf3 58. Rh1+ Kg3 59. Nd3 Rxd3+ 60.
Kxd3 Bxh1 61. b4 cxb4 62. f5 exf5 63. Kc2 Bc6 64. Kb1 Bxa4 65. Ka1 Bb5 66. Ka2
f4 67. Kb2 f3 68. Ka1 f2 69. Ka2 f1=Q 70. Kb2 Qd3 71. Ka1 Qc3+ 72. Ka2 Bc4+ 73.
Kb1 Bd3+ 74. Ka2 Qa3# 0-1

[Event "Titled Tue 26th Aug Late"]
[Site "chess.com INT"]
[Date "2025.08.26"]
[Round "5"]
[White "Herbrig, Alexander"]
[Black "Babiarz, Arkadiusz"]
[Result "1/2-1/2"]
[WhiteTitle "FM"]
[BlackTitle "CM"]
[WhiteElo "2292"]
[BlackElo "2172"]
[WhiteFideId "12952044"]
[BlackFideId "21804362"]
[EventDate "2025.08.26"]

1. d4 Nf6 2. c4 c6 3. Nf3 d5 4. e3 e6 5. Nbd2 Be7 6. Bd3 O-O 7. O-O c5 8. e4
dxe4 9. Nxe4 cxd4 10. Bg5 Nc6 11. b4 Nxb4 12. Nxf6+ Bxf6 13. Bxf6 Qxf6 14. Bxh7+
Kxh7 15. Qb1+ Kg8 16. Qxb4 e5 17. Rfe1 Re8 18. Qb5 Bg4 19. Rxe5 Rxe5 20. Nxe5
Be6 21. Qxb7 Rd8 22. Qe4 d3 23. Rd1 d2 24. Qe3 Bf5 25. Nf3 Rd3 26. Qe8+ Kh7 27.
h3 Bxh3 28. Qe5 Bg4 29. Qxf6 gxf6 30. Rxd2 Rc3 31. Rd4 Bxf3 32. gxf3 Rxf3 33.
Rd7 Ra3 34. Rxf7+ Kg6 35. Rc7 Rxa2 36. Kg2 Kf5 37. Kf3 Ke6 38. Ke3 Kd6 39. Rf7
Ra3+ 40. Kd4 Ke6 41. Rc7 Rf3 42. Rxa7 Rxf2 43. Ra6+ Kf5 44. c5 Rd2+ 45. Kc4 Rc2+
46. Kd5 Kg5 47. c6 f5 48. Ra5 f4 49. Kd6+ Kg4 50. Rc5 Rxc5 51. Kxc5 f3 52. c7 f2
53. c8=Q+ Kg3 54. Qg8+ Kh2 55. Qf7 Kg2 56. Qg6+ Kh1 57. Qf5 Kg1 58. Qg4+ Kh1 59.
Qh3+ Kg1 60. Qg3+ Kh1 61. Qf3+ Kg1 62. Qe3 Kh1 63. Qe2 Kg1 64. Qg4+ Kh1 65. Qf4
Kg1 66. Qd4 Kg2 67. Qd2 Kg1 68. Qe3 Kh1 69. Qf3+ Kg1 70. Qg4+ 1/2-1/2

[Event "Titled Tue 26th Aug Late"]
[Site "chess.com INT"]
[Date "2025.08.26"]
[Round "5"]
[White "Ono, David"]
[Black "Silva, Luca"]
[Result "1/2-1/2"]
[BlackTitle "FM"]
[WhiteElo "2110"]
[BlackElo "2214"]
[WhiteFideId "146943"]
[BlackFideId "147370"]
[EventDate "2025.08.26"]

1. c4 Nf6 2. g3 b5 3. Bg2 c6 4. cxb5 g6 5. Nc3 Bg7 6. bxc6 Nxc6 7. Nf3 O-O 8.
O-O Rb8 9. d3 Bb7 10. Bf4 d6 11. Rc1 Qa5 12. Qd2 Rfc8 13. Bh6 Bh8 14. a3 Qh5 15.
Qg5 Ba8 16. b4 Nd8 17. Qxh5 Nxh5 18. Bd2 Nf6 19. Rc2 Ne6 20. e3 Nd7 21. Rfc1 a6
22. Ne2 Rxc2 23. Rxc2 Bxf3 24. Bxf3 Ne5 25. Be4 Rd8 26. d4 Ng4 27. h3 Nf6 28.
Bd3 Ra8 29. Nf4 Nxf4 30. gxf4 e5 31. dxe5 dxe5 32. fxe5 Nd5 33. Be4 Rd8 34. Bxd5
Rxd5 35. f4 Bg7 36. Kf2 h5 37. Kf3 g5 38. Ke4 Rb5 39. Rc5 Rb6 40. fxg5 Rg6 41.
h4 Re6 42. Bc3 Kh7 43. Bd4 Bf8 44. Rd5 a5 45. Rxa5 Kg6 46. Rb5 Kg7 47. Rb6 Re7
48. Kf5 Kg8 49. a4 Bg7 50. a5 Kh7 51. a6 Rc7 52. Rb7 Rc1 53. Rxf7 Rf1+ 54. Ke6
Ra1 55. a7 Kg6 56. Bb6 Ra6 57. Rb7 Ra3 58. Ba5 Rxe3 59. a8=Q Rxe5+ 60. Kd6 Rf5
61. Rxg7+ Kxg7 62. Ke6 Rf8 63. Qxf8+ Kh7 64. Kf6 1/2-1/2

[Event "Titled Tue 26th Aug Late"]
[Site "chess.com INT"]
[Date "2025.08.26"]
[Round "5"]
[White "Grot, Blazej"]
[Black "Hejazipour, Mitra"]
[Result "1/2-1/2"]
[WhiteTitle "CM"]
[BlackTitle "WGM"]
[WhiteElo "2207"]
[BlackElo "2329"]
[WhiteFideId "21835845"]
[BlackFideId "12505951"]
[EventDate "2025.08.26"]

1. e4 c6 2. d4 d5 3. Nd2 dxe4 4. Nxe4 Nf6 5. Nxf6+ exf6 6. c3 Bd6 7. Bd3 O-O 8.
Ne2 Re8 9. O-O Nd7 10. Ng3 Nf8 11. Qf3 Be6 12. Bf4 Bd5 13. Qg4 Be6 14. Nf5 Bxf5
15. Qxf5 Bxf4 16. Qxf4 Ne6 17. Qg3 g6 18. a4 a5 19. Bc4 Qb6 20. b3 Qd8 21. f4 f5
22. Rfe1 Qd6 23. Re5 f6 24. Re3 Kg7 25. Rae1 Nc7 26. Qf3 Rxe3 27. Rxe3 Re8 28.
Rxe8 Nxe8 29. d5 Nc7 30. dxc6 bxc6 31. Qe3 Nd5 32. Qa7+ Kh6 33. Qxa5 Nxf4 34.
Qa7 Qd1+ 35. Bf1 Qxb3 36. Qe3 g5 37. a5 Nd5 38. Qe6 Qxc3 39. a6 Qd4+ 40. Kh1 Ne3
41. a7 Qa1 42. Qxe3 Qxf1+ 43. Qg1 Qa6 44. h3 c5 45. Qxc5 Qf1+ 46. Qg1 Qa6 47.
Qd4 Qf1+ 48. Kh2 Qa6 49. a8=Q Qxa8 50. Qxf6+ Kh5 51. Qxf5 Qb8+ 52. Kh1 Kh6 53.
Qf6+ Kh5 54. g4+ Kh4 55. Qf2+ Qg3 56. Qf6 Qxh3+ 57. Kg1 Qxg4+ 58. Kh1 Qh3+ 59.
Kg1 Qg3+ 60. Kh1 h5 61. Qf5 g4 62. Qf6+ Kh3 63. Qf1+ Kh4 64. Qf6+ Kh3 65. Qf1+
Kh4 66. Qf6+ 1/2-1/2

[Event "Titled Tue 26th Aug Late"]
[Site "chess.com INT"]
[Date "2025.08.26"]
[Round "5"]
[White "Kao, Jamison Edrich"]
[Black "Liu, Zachary Hankun"]
[Result "0-1"]
[WhiteTitle "CM"]
[WhiteElo "2081"]
[BlackElo "1998"]
[WhiteFideId "6007937"]
[BlackFideId "2640287"]
[EventDate "2025.08.26"]

1. e4 c5 2. Nf3 d6 3. d4 cxd4 4. Nxd4 Nf6 5. Nc3 g6 6. Be3 Bg7 7. f3 O-O 8. Qd2
Nc6 9. O-O-O Nxd4 10. Bxd4 Be6 11. Kb1 Qc7 12. g4 Rfc8 13. h4 Qa5 14. h5 Rxc3
15. Qxc3 Qxa2+ 16. Kc1 Bh6+ 17. Be3 Rc8 18. Qxc8+ Bxc8 19. Bxh6 Qa1+ 20. Kd2
Qxb2 21. Bd3 Nd7 22. Rb1 Qf6 23. hxg6 hxg6 24. Be3 Qxf3 25. g5 Ne5 26. Rhf1 Qg2+
27. Rf2 Qg3 28. Bxa7 Qxg5+ 29. Be3 Qg3 30. Rbf1 Ng4 31. Rf3 Qg2+ 32. Kc3 Nxe3
33. Rxe3 Be6 34. Rb1 Qf2 35. Re2 Qc5+ 36. Kd2 Qg5+ 37. Kc3 Qc5+ 38. Kd2 b6 39.
Rb5 Qc6 40. Rb4 Qa8 41. Re1 Qa5 42. Rb1 Qg5+ 43. Kc3 Qe5+ 44. Kd2 Qf4+ 45. Kc3
g5 46. Rxb6 g4 47. R6b5 g3 48. Rf1 Qe3 49. Rbb1 g2 50. Rg1 Bh3 51. Rbe1 Qc5+ 52.
Kd2 Qf2+ 53. Kc3 e6 54. e5 dxe5 55. Be4 f5 56. Ba8 e4 57. Kc4 Qxc2+ 58. Kd4 Qf2+
59. Ke5 Bg4 60. Kxe6 Be2 61. Kf6 Qd4+ 62. Kxf5 Bf1 63. Rexf1 Qd7+ 64. Kxe4 Qe8+
65. Kf3 Qxa8+ 66. Kg3 gxf1=Q 67. Rxf1 Qa3+ 68. Rf3 Qd6+ 69. Rf4 Kg7 70. Kg4 Kg6
71. Re4 Qd5 72. Rf4 Qg2+ 73. Kh4 Qg5+ 74. Kh3 Qxf4 75. Kg2 Qe3 0-1

[Event "Titled Tue 26th Aug Late"]
[Site "chess.com INT"]
[Date "2025.08.26"]
[Round "5"]
[White "Zhukovskyi, Oleksandr"]
[Black "Mottola, Max"]
[Result "1-0"]
[WhiteTitle "CM"]
[WhiteElo "2145"]
[BlackElo "2183"]
[WhiteFideId "14169371"]
[BlackFideId "30985862"]
[EventDate "2025.08.26"]

1. b3 e5 2. Bb2 Nc6 3. Nf3 e4 4. Nd4 Nxd4 5. Bxd4 d5 6. e3 Nf6 7. c4 c6 8. Nc3
Be6 9. cxd5 Bxd5 10. Bc4 Bxc4 11. bxc4 Qe7 12. Bxf6 gxf6 13. Qg4 Qe6 14. Qxe6+
fxe6 15. Nxe4 f5 16. Ng5 Kd7 17. d4 Be7 18. Nf7 Rhg8 19. Ne5+ Kc7 20. g3 Bd6 21.
Nd3 b6 22. Ke2 c5 23. a4 Rgd8 24. a5 Kc6 25. Rhb1 Bc7 26. dxc5 bxc5 27. Rb5 Bd6
28. Rab1 Rab8 29. Nf4 Bxf4 30. gxf4 Rxb5 31. cxb5+ Kb7 32. Rc1 Rd5 33. Rg1 c4
34. Rg7+ Kb8 35. b6 axb6 36. axb6 Rb5 37. Rc7 Rb2+ 38. Kf3 Rxb6 39. Rxc4 Rb7 40.
Kg3 Rg7+ 41. Kf3 Re7 42. Rc6 Kb7 43. Rc2 Kb6 44. Kg3 Kb7 45. Kh4 Rg7 46. h3 Rg2
47. Kh5 Rh2 48. h4 Kb6 49. Kg5 Kb7 50. h5 Kb6 51. h6 Kb7 52. Rc3 Rxf2 53. Kf6
Rh2 54. Kxe6 Rxh6+ 55. Kxf5 Rh1 56. e4 h5 57. e5 h4 58. e6 h3 59. Kf6 h2 60. Rh3
Kc6 61. f5 Kd6 62. Rd3+ Kc6 63. Rd2 Kc7 64. e7 1-0

[Event "Titled Tue 26th Aug Late"]
[Site "chess.com INT"]
[Date "2025.08.26"]
[Round "5"]
[White "Zampronha, Wladimir Camilo"]
[Black "Poleg, Matan"]
[Result "1/2-1/2"]
[BlackTitle "FM"]
[WhiteElo "2157"]
[BlackElo "2277"]
[WhiteFideId "2103087"]
[BlackFideId "2811472"]
[EventDate "2025.08.26"]

1. e4 c5 2. Nf3 e6 3. d4 cxd4 4. Nxd4 Nc6 5. Nc3 Qc7 6. Be3 a6 7. Bd3 Nf6 8. O-O
h5 9. h3 h4 10. Nxc6 Qxc6 11. Bg5 b5 12. a3 Bb7 13. Qe2 Be7 14. Rfe1 d6 15. Rad1
Qc5 16. Be3 Qc6 17. Bg5 Qc5 18. Be3 Qc7 19. Bg5 Rd8 20. a4 b4 21. Nb1 Qc6 22. b3
Kf8 23. Nd2 a5 24. Nc4 Qc5 25. Be3 Qh5 26. Qxh5 Rxh5 27. Bb6 Ra8 28. f4 Nd7 29.
Bf2 Nc5 30. Be2 Rh8 31. Bf3 Ba6 32. Bxc5 dxc5 33. e5 Rc8 34. Nxa5 c4 35. Nxc4
Bxc4 36. bxc4 Rxc4 37. Be4 g6 38. Kf2 Kg7 39. Kf3 Rb8 40. Bd3 Rc3 41. Re4 Ra3
42. Rc4 Rxa4 43. Rc7 Bf8 44. Be4 Ra3+ 45. Kg4 Re3 46. Bf3 Rc3 47. Rdd7 Rxc7 48.
Rxc7 b3 49. cxb3 Rxb3 50. Kxh4 Bb4 51. Rc2 Be1+ 52. Kg4 Rb4 53. g3 Rd4 54. Re2
Ba5 55. Bg2 Bd2 56. Bf3 Ba5 57. h4 Bd2 58. Rh2 Rd3 59. h5 gxh5+ 60. Rxh5 Be1 61.
Rh3 Re3 62. Rh1 Bf2 63. Rf1 Be1 64. Rg1 Bf2 65. Rf1 Be1 66. Rg1 Bf2 67. Rf1 1/2-1/2

[Event "Titled Tue 26th Aug Late"]
[Site "chess.com INT"]
[Date "2025.08.26"]
[Round "5"]
[White "Arabidze, Meri"]
[Black "Rustemov, Alexander"]
[Result "1/2-1/2"]
[WhiteTitle "IM"]
[BlackTitle "GM"]
[WhiteElo "2444"]
[BlackElo "2525"]
[WhiteFideId "13604040"]
[BlackFideId "4119002"]
[EventDate "2025.08.26"]

1. d4 d5 2. c4 dxc4 3. Nf3 Nf6 4. e3 e6 5. Bxc4 c5 6. O-O a6 7. b3 Nbd7 8. Bb2
Be7 9. Nbd2 O-O 10. Rc1 b5 11. Be2 Bb7 12. a4 Qb6 13. axb5 axb5 14. dxc5 Bxc5
15. Bd4 Bxd4 16. Nxd4 b4 17. Nc4 Qc5 18. Bf3 Bxf3 19. Qxf3 Nd5 20. e4 Nc3 21.
Ne2 Nb5 22. Rfd1 Ne5 23. Nxe5 Qxe5 24. Qe3 Na3 25. h3 h6 26. Qd4 Qxd4 27. Rxd4
Rab8 28. e5 Rfd8 29. f4 g6 30. Kf2 Kg7 31. Rcd1 Rxd4 32. Rxd4 Nc2 33. Rc4 Na1
34. Nd4 g5 35. fxg5 hxg5 36. Ke3 Ra8 37. Rxb4 Ra2 38. Ra4 Nc2+ 39. Nxc2 Rxc2 40.
Rg4 Kh6 41. b4 Rb2 42. Kd3 Kg6 43. Kc3 Rb1 44. Rg3 Kf5 45. Rf3+ Kxe5 46. Rxf7
Rg1 47. g4 Rg3+ 48. Kc4 Rxh3 49. b5 Rg3 50. b6 Rxg4+ 51. Kc5 Rg1 52. b7 Rb1 53.
Kc6 g4 54. Rg7 Kf4 55. Rf7+ Kg5 56. Rg7+ Kf5 57. Rf7+ Kg6 58. Rf8 Kg5 59. Rg8+
Kf4 60. Rf8+ Ke3 61. Re8 g3 62. Rxe6+ Kf3 63. Rf6+ Kg4 64. Kc7 g2 65. Rg6+ Kf3
66. b8=Q Rxb8 67. Kxb8 Kf2 68. Rxg2+ Kxg2 1/2-1/2

[Event "Titled Tue 26th Aug Late"]
[Site "chess.com INT"]
[Date "2025.08.26"]
[Round "5"]
[White "Reprintsev, Alexander"]
[Black "Sharankov, Grigory"]
[Result "0-1"]
[WhiteTitle "IM"]
[BlackTitle "CM"]
[WhiteElo "2256"]
[BlackElo "2238"]
[WhiteFideId "14100541"]
[BlackFideId "4168356"]
[EventDate "2025.08.26"]

1. e4 e6 2. Nf3 d5 3. e5 Bd7 4. d4 c5 5. c3 a6 6. a3 cxd4 7. cxd4 Bb5 8. Be3
Bxf1 9. Kxf1 Ne7 10. h4 Nf5 11. g4 Nxe3+ 12. fxe3 Be7 13. Kg2 f6 14. exf6 Bxf6
15. g5 Be7 16. Nc3 O-O 17. Ne5 Nd7 18. Ng4 Bd6 19. Rf1 Qe7 20. e4 Bf4 21. e5 h6
22. gxh6 Qxh4 23. Qf3 Bxe5 24. Qh3 Qxh3+ 25. Kxh3 Bxd4 26. hxg7 Kxg7 27. Ne2
Bxb2 28. Rab1 Rxf1 29. Rxf1 Bxa3 30. Rg1 Rh8+ 31. Kg2 Bc5 32. Rb1 b6 33. Nf4 Kf7
34. Rf1 Rg8 35. Kh3 Ke7 36. Nh6 Rg7 37. Kh4 Be3 38. Ng4 Bxf4 39. Rxf4 Rh7+ 40.
Kg5 Rg7+ 41. Kh6 Rf7 42. Rb4 a5 43. Rb1 d4 44. Kg5 Rf5+ 45. Kg6 Kd6 46. Nh6 Rf2
47. Rb5 Rg2+ 48. Kf7 d3 49. Ke8 d2 50. Nf7+ Kc6 51. Rb1 e5 52. Nd8+ Kd6 53. Nf7+
Kd5 54. Kxd7 e4 55. Rxb6 e3 56. Rd6+ Kc4 57. Ne5+ Kc3 58. Rc6+ Kd4 59. Nf3+ Ke4
60. Nh4 d1=Q+ 61. Kc7 Rd2 62. Rc4+ Rd4 63. Rc6 Qd3 64. Ng6 Rc4 0-1

[Event "Titled Tue 26th Aug Late"]
[Site "chess.com INT"]
[Date "2025.08.26"]
[Round "5"]
[White "Tang, Austin"]
[Black "Mizzi, Jack"]
[Result "1/2-1/2"]
[BlackTitle "CM"]
[WhiteElo "1920"]
[BlackElo "2130"]
[WhiteFideId "30964580"]
[BlackFideId "5602521"]
[EventDate "2025.08.26"]

1. e4 c6 2. d4 d5 3. Nd2 dxe4 4. Nxe4 Bf5 5. Ng3 Bg6 6. h4 h6 7. Nf3 Nd7 8. h5
Bh7 9. Bd3 Bxd3 10. Qxd3 Ngf6 11. Bd2 e6 12. O-O-O Qb6 13. Ne4 Nxe4 14. Qxe4 Nf6
15. Qe2 Bd6 16. c3 O-O-O 17. Ne5 Qc7 18. f4 c5 19. Kb1 Kb8 20. Be3 Nd5 21. g4
cxd4 22. cxd4 Qb6 23. Rc1 Bxe5 24. fxe5 Rc8 25. Ka1 Rxc1+ 26. Rxc1 Rc8 27. Rxc8+
Kxc8 28. Qc4+ Qc6 29. Qxc6+ bxc6 30. Bd2 Kb7 31. a4 Kb6 32. b4 f6 33. Kb2 fxe5
34. dxe5 c5 35. Kb3 cxb4 36. Bxb4 Ne3 37. Bf8 Nxg4 38. Bxg7 Kc5 39. Kc3 a5 40.
Kb3 Kd5 41. Kc3 Kc5 42. Kb3 Kd4 43. Bf6 Ne3 44. Bg5 Nf5 45. Bf6 Kd3 46. Bd8 Nd4+
47. Kb2 Nc6 48. Bf6 Nd4 49. Bd8 Nf3 50. Bxa5 Nxe5 51. Bc7 Nc6 52. Kb3 e5 53. a5
e4 54. a6 e3 55. Ka4 Kc4 56. Bg3 Kc5 57. Bf4 e2 58. Be3+ Kc4 59. Bf2 Kd5 60. Kb5
Kd6 61. Kb6 Kd7 62. a7 Nxa7 63. Kxa7 Ke6 64. Kb6 Kf5 65. Kc5 Kg4 66. Kd4 Kxh5
67. Ke3 e1=N 68. Bxe1 Kg4 69. Kf2 h5 70. Kg2 h4 71. Kh1 h3 72. Bf2 h2 73. Bg1
hxg1=B 1/2-1/2

[Event "Titled Tue 26th Aug Late"]
[Site "chess.com INT"]
[Date "2025.08.26"]
[Round "5"]
[White "Gorbenko, Rustem"]
[Black "Pica, Eleni"]
[Result "1-0"]
[WhiteTitle "CM"]
[BlackTitle "WCM"]
[WhiteElo "2201"]
[BlackElo "1743"]
[WhiteFideId "14111438"]
[BlackFideId "5910005"]
[EventDate "2025.08.26"]

1. d4 Nf6 2. Nc3 g6 3. e4 d6 4. Be3 Bg7 5. Qd2 Ng4 6. Bg5 h6 7. Bh4 g5 8. Bg3
Nd7 9. h3 Ngf6 10. O-O-O c5 11. e5 cxd4 12. exf6 dxc3 13. Qxc3 Bxf6 14. Qe3 Qb6
15. Qxb6 axb6 16. Kb1 Nc5 17. Bb5+ Bd7 18. Bxd7+ Kxd7 19. Ne2 Na4 20. c3 Rhc8
21. Nd4 Bxd4 22. Rxd4 f5 23. f4 gxf4 24. Bxf4 Rg8 25. g3 h5 26. Re1 h4 27. gxh4
Rg2 28. Bc1 Rh2 29. Rd3 f4 30. Rf3 Rf8 31. Rd1 e5 32. Rd2 Rh1 33. Kc2 Nc5 34. b3
Ne4 35. Re2 Ng3 36. Ref2 Rxh3 37. Bxf4 exf4 38. Rxf4 Rxf4 39. Rxf4 Ke6 40. a4
Nf5 41. Rb4 Rh2+ 42. Kd3 Rh3+ 43. Kd2 Rxh4 44. Rxb6 Rh7 45. a5 Rc7 46. c4 Ke5
47. Kc3 Nd4 48. a6 bxa6 49. Rxa6 Rb7 50. Ra5+ Ke4 51. Rd5 Rxb3+ 52. Kd2 Nf3+ 53.
Kc2 Re3 54. Rxd6 Re2+ 55. Kc3 Re1 56. Rd8 Ne5 57. Re8 Rc1+ 58. Kb4 1-0

[Event "Titled Tue 26th Aug Late"]
[Site "chess.com INT"]
[Date "2025.08.26"]
[Round "5"]
[White "Brilej, Jaka"]
[Black "Joel Paul Ganta"]
[Result "1-0"]
[WhiteTitle "FM"]
[BlackTitle "CM"]
[WhiteElo "2334"]
[BlackElo "2067"]
[WhiteFideId "14618818"]
[BlackFideId "35066145"]
[EventDate "2025.08.26"]

1. c4 Nf6 2. g3 e6 3. Bg2 d5 4. Nf3 Be7 5. O-O O-O 6. b3 c5 7. cxd5 Nxd5 8. Bb2
Bf6 9. d4 Nc6 10. Qd2 cxd4 11. Nxd4 Bd7 12. Na3 Rc8 13. Nc4 Nxd4 14. Bxd4 Bc6
15. Ne5 Ne7 16. Rfd1 Bxg2 17. Kxg2 Qd5+ 18. Nf3 e5 19. Bb2 e4 20. Qxd5 Nxd5 21.
Nd4 Rfd8 22. e3 Nb4 23. Rac1 Nd3 24. Rxc8 Rxc8 25. Rd2 h6 26. h4 a6 27. h5 b5
28. g4 b4 29. Kg3 Be5+ 30. Kg2 a5 31. f4 exf3+ 32. Kxf3 Nxb2 33. Rxb2 Rc1 34.
Rd2 f6 35. Ke4 Rg1 36. Kf5 Rf1+ 37. Ke4 Kf7 38. Rc2 Rg1 39. Kf3 Rg3+ 40. Kf2
Rxg4 41. Rc5 Bxd4 42. exd4 Rxd4 43. Rxa5 Rh4 44. Kg3 Rd4 45. Rb5 g6 46. Rb7+ Kg8
47. hxg6 h5 48. Kh3 Rg4 49. Kh2 f5 50. Kh3 Kh8 51. Rb5 Kg7 52. Rxf5 Kxg6 53. Ra5
Rd4 54. Ra6+ Kg5 55. Ra5+ Kg6 56. Rb5 Re4 57. Kg3 h4+ 58. Kh3 Rd4 59. Rc5 Kf6
60. Rc4 Ke5 61. Rc5+ Kd6 62. Rb5 Kc6 63. Rh5 Re4 64. Rxh4 Re2 65. Rxb4 Rxa2 66.
Kg3 Rc2 67. Kf3 Kc5 68. Rb8 Rc3+ 69. Ke4 Rc1 70. Rc8+ Kb4 71. Rxc1 Kxb3 72. Rd1 1-0

[Event "Titled Tue 26th Aug Late"]
[Site "chess.com INT"]
[Date "2025.08.26"]
[Round "5"]
[White "Palczert, Matyas"]
[Black "Dyachuk, Artem"]
[Result "0-1"]
[WhiteTitle "FM"]
[BlackTitle "FM"]
[WhiteElo "2427"]
[BlackElo "2298"]
[WhiteFideId "784958"]
[BlackFideId "34107924"]
[EventDate "2025.08.26"]

1. e4 e5 2. Nf3 Nc6 3. Nc3 Nf6 4. a3 g6 5. Bc4 Bg7 6. d3 O-O 7. O-O h6 8. h3 d6
9. Be3 Kh7 10. Qd2 Be6 11. Nh2 d5 12. exd5 Nxd5 13. Bxd5 Bxd5 14. Bc5 Re8 15.
Rae1 f5 16. b4 Qd7 17. b5 Nd4 18. Bxd4 exd4 19. Nxd5 Qxd5 20. a4 c6 21. Rb1 b6
22. Nf3 c5 23. Rfe1 g5 24. Rxe8 Rxe8 25. Re1 Qf7 26. Rxe8 Qxe8 27. Qd1 Qe6 28.
Nd2 Kg6 29. Nc4 g4 30. hxg4 fxg4 31. a5 bxa5 32. Nxa5 h5 33. Nc6 a6 34. Qb1 axb5
35. Qxb5 Bf8 36. Kf1 Qa2 37. Ne5+ Kf5 38. Nc4 Qa1+ 39. Ke2 Qa7 40. Qe8 Qe7+ 41.
Qxe7 Bxe7 42. Nb6 Bd8 43. Nc4 Bc7 44. g3 Kg5 45. Nd2 Bb6 46. Ne4+ Kf5 47. Nd6+
Ke6 48. Ne4 Ke5 49. Kd1 c4 50. Nd2 cxd3 51. Nc4+ Ke4 52. cxd3+ Kf3 53. Nxb6 Kxf2
54. Nc4 Kxg3 55. Nd6 h4 56. Nf5+ Kh3 57. Ke2 g3 58. Nxd4 Kg2 59. Nf3 h3 60. Nh4+
Kh1 61. Nf5 g2 62. Nh4 g1=Q 63. Nf3 Qg2+ 64. Ke3 Qg3 65. Ke2 Kg2 66. Ne1+ Kg1
67. Nf3+ Kh1 68. d4 h2 69. d5 Kg2 70. Ne1+ Kh3 0-1